[Event "DEM U14 2015"]
[Site "Willingen GER"]
[Date "2015.05.28"]
[Round "7"]
[White "Langjahr, Marius"]
[Black "Wolf, Philipp"]
[Result "1/2-1/2"]
[Termination "normal"]
[Board "21"]
[WhiteElo "1812"]
[BlackElo "1573"]
[PlyCount "97"]
[WhiteFideId "12974625"]
[BlackFideId "12958948"]
[EventCountry "GER"]
[EventRounds "9"]
[EventType "swiss"]
[EventDate "2015.05.23"]

1. d4 Nf6 2. c4 e6 3. Nc3 Bb4 4. Qc2 O-O 5. e4 d5 6. e5 Ne4 7. Nf3 c5 8. a3 Qa5
9. Bd2 Nxd2 10. Qxd2 cxd4 11. Qxd4 Bxc3+ 12. Qxc3 Qxc3+ 13. bxc3 Rd8 14. Rd1
Nc6 15. Be2 b6 16. O-O Ba6 17. Nd4 Nxe5 18. cxd5 Bxe2 19. Nxe2 exd5 20. Nf4 Nc4
21. a4 Nb2 22. Rd4 Rac8 23. Nxd5 Kf8 24. Re1 Nxa4 25. Rxa4 Rxd5 26. Rxa7 Rcd8
27. Rb7 b5 28. Kf1 Re8 29. Rxe8+ Kxe8 30. Ke2 Rg5 31. g3 Rh5 32. h4 Rc5 33. Kd3
Rd5+ 34. Ke4 Rc5 35. Kd4 Rc4+ 36. Kd3 Rc5 37. f4 h5 38. Kc2 Kf8 39. Kb3 f6 40.
Rd7 Kg8 41. Rd4 g5 42. Kb4 Rf5 43. Kb3 Kf7 44. Kc2 gxh4 45. gxh4 Kg6 46. Kb3
Kf7 47. Kb4 Ke7 48. Re4+ Kd7 49. Rd4+ 1/2-1/2

[Event "DEM U14 2015"]
[Site "Willingen GER"]
[Date "2015.05.28"]
[Round "7"]
[White "Hoffmann, Lennard"]
[Black "Ortmeier, Leonard"]
[Result "1/2-1/2"]
[Termination "normal"]
[Board "22"]
[WhiteElo "1815"]
[BlackElo "1737"]
[PlyCount "65"]
[WhiteFideId "12943495"]
[BlackFideId "12993662"]
[EventCountry "GER"]
[EventRounds "9"]
[EventType "swiss"]
[EventDate "2015.05.23"]

1. e4 c5 2. Nf3 d6 3. d4 cxd4 4. Nxd4 Nf6 5. Nc3 g6 6. Be3 Bg7 7. f3 O-O 8. Qd2
Nc6 9. O-O-O d5 10. exd5 Nxd5 11. Nxc6 bxc6 12. Bd4 e5 13. Bc5 Qa5 14. Bxf8
Bxf8 15. Nxd5 Qxa2 16. Nf6+ Kh8 17. Qd8 Bb7 18. Qxa8 Bxa8 19. Ng4 Be7 20. h4
Qa1+ 21. Kd2 Qxb2 22. Bd3 h5 23. Ne3 Qd4 24. Rb1 Bb4+ 25. Ke2 f5 26. Rhd1 Bc5
27. Rb8+ Kh7 28. Rf1 Qxe3+ 29. Kd1 Ba3 30. Re1 Qf4 31. Rxa8 Bb4 32. Rxa7+ Kh6
33. c3 1/2-1/2

[Event "DEM U14 2015"]
[Site "Willingen GER"]
[Date "2015.05.28"]
[Round "7"]
[White "Acikel, Mert"]
[Black "Viol, Julius"]
[Result "1/2-1/2"]
[Termination "normal"]
[Board "23"]
[WhiteElo "1887"]
[BlackElo "1558"]
[PlyCount "114"]
[WhiteFideId "12956465"]
[BlackFideId "12958492"]
[EventCountry "GER"]
[EventRounds "9"]
[EventType "swiss"]
[EventDate "2015.05.23"]

1. e4 Nf6 2. e5 Nd5 3. d4 d6 4. c4 Nb6 5. exd6 exd6 6. Nf3 Bg4 7. h3 Bh5 8. Be2
Nc6 9. O-O d5 10. c5 Nc8 11. Nc3 N8e7 12. Re1 Bg6 13. Bb5 Bf5 14. Bxc6+ bxc6
15. Ne5 Be6 16. Qa4 g6 17. Nxc6 Qd7 18. Nxe7 Qxa4 19. Nxa4 Bxe7 20. Nc3 Rb8 21.
b3 c6 22. Bf4 Rb4 23. Be5 O-O 24. Rad1 Re8 25. Re2 h5 26. Rde1 Kh7 27. Nd1 Bg5
28. Nb2 Bf5 29. Bd6 Rxe2 30. Rxe2 Rxd4 31. Re8 Rd2 32. Be5 f6 33. Bc3 Rc2 34.
Re7+ Kg8 35. Na4 Rxa2 36. Rxa7 Bc2 37. Rc7 Bxb3 38. Nb6 Rc2 39. Rc8+ Kf7 40.
Bd4 Rd2 41. Be3 Bxe3 42. fxe3 Re2 43. Rxc6 Rxe3 44. Rd6 Re6 45. Rd8 Rc6 46.
Nxd5 Bxd5 47. Rxd5 Ke6 48. Rd8 Rxc5 49. Re8+ Kf5 50. Rf8 Kg5 51. Kh2 f5 52. Rg8
f4 53. h4+ Kf5 54. Rf8+ Kg4 55. Rf6 g5 56. hxg5 Kxg5 57. Rf8 h4 1/2-1/2

[Event "DEM U14 2015"]
[Site "Willingen GER"]
[Date "2015.05.29"]
[Round "8"]
[White "Schmidek, Emil"]
[Black "Martin, Julian"]
[Result "1-0"]
[Termination "normal"]
[Board "1"]
[WhiteElo "2163"]
[BlackElo "2281"]
[WhiteClock "00:09:31"]
[BlackClock "00:23:01"]
[PlyCount "62"]
[WhiteFideId "12908150"]
[BlackFideId "12941000"]
[EventCountry "GER"]
[EventRounds "9"]
[EventType "swiss"]
[EventDate "2015.05.23"]

1. e4 c5 2. Nf3 Nc6 3. d4 cxd4 4. Nxd4 e5 5. Nb5 d6 6. c4 Be7 7. b3 f5 8. exf5
Bxf5 9. Bd3 e4 10. Be2 a6 11. N5c3 Bf6 12. a3 Qa5 13. Bb2 Nge7 14. O-O O-O 15.
Ra2 Kh8 16. b4 Qc7 17. Nd5 Nxd5 18. Qxd5 Be5 19. Bxe5 dxe5 20. Qd2 Nd4 21. Qe3
Qf7 22. Nc3 Qg6 23. Rd2 Rad8 24. f3 Nc2 25. Rxc2 exf3 26. Qxf3 Rf6 27. Rcc1
Rdf8 28. Qe3 Qe8 29. Nd5 Rg6 30. Rf2 b5 31. Rcf1 Qe6 1-0

[Event "DEM U14 2015"]
[Site "Willingen GER"]
[Date "2015.05.29"]
[Round "8"]
[White "Hofmann, Rares"]
[Black "Fieberg, Samuel"]
[Result "1-0"]
[Termination "normal"]
[Board "2"]
[WhiteElo "2003"]
[BlackElo "2168"]
[WhiteClock "00:01:45"]
[BlackClock "00:33:05"]
[PlyCount "75"]
[WhiteFideId "12976440"]
[BlackFideId "12901717"]
[EventCountry "GER"]
[EventRounds "9"]
[EventType "swiss"]
[EventDate "2015.05.23"]

1. e4 c5 2. f4 d6 3. Nf3 Nc6 4. Bb5 Bd7 5. b3 Nf6 6. d3 g6 7. Bb2 Bg7 8. Nbd2
a6 9. Bxc6 Bxc6 10. Qe2 O-O 11. O-O-O b5 12. h4 Nh5 13. Bxg7 Kxg7 14. Qe3 a5
15. d4 c4 16. g4 Nf6 17. g5 Nh5 18. d5 Bd7 19. bxc4 bxc4 20. Nxc4 Rc8 21. Nb6
Rc5 22. Nxd7 Qxd7 23. Nd4 Qa4 24. Qb3 Qxb3 25. axb3 Nxf4 26. Rhf1 Nh5 27. Rf3
Rc7 28. Rdf1 Rcc8 29. Nc6 f6 30. Nxa5 e6 31. gxf6+ Nxf6 32. dxe6 Rce8 33. Nc4
Nxe4 34. Rxf8 Rxf8 35. Re1 Rf4 36. e7 Nf6 37. Nxd6 Rxh4 38. Re6 1-0

[Event "DEM U14 2015"]
[Site "Willingen GER"]
[Date "2015.05.29"]
[Round "8"]
[White "Engel, Luis"]
[Black "Buckels, Valentin"]
[Result "1-0"]
[Termination "normal"]
[Board "3"]
[WhiteElo "2212"]
[BlackElo "2178"]
[WhiteClock "00:19:42"]
[BlackClock "00:21:06"]
[PlyCount "67"]
[WhiteFideId "12961523"]
[BlackFideId "12942766"]
[EventCountry "GER"]
[EventRounds "9"]
[EventType "swiss"]
[EventDate "2015.05.23"]

1. e4 e5 2. Nf3 Nc6 3. Bc4 Bc5 4. c3 Nf6 5. d3 O-O 6. O-O d5 7. exd5 Nxd5 8.
Bg5 Qd6 9. Nbd2 Nf6 10. Qe2 Bf5 11. Rad1 h6 12. Bh4 Nh5 13. Bg3 Nxg3 14. hxg3
Bb6 15. Nh4 Bh7 16. Qg4 Kh8 17. Ne4 Qd8 18. Nf5 Bxf5 19. Qxf5 Qc8 20. Qh5 f6
21. g4 Qe8 22. Qh3 Qg6 23. Be6 Ne7 24. Ng3 Rad8 25. Nf5 Nd5 26. Bxd5 Rxd5 27.
Ne7 Qf7 28. Nxd5 Qxd5 29. a3 Rd8 30. Qf3 Qb5 31. Rd2 Qb3 32. Rfd1 c5 33. Qxb7
c4 34. Qf7 1-0

[Event "DEM U14 2015"]
[Site "Willingen GER"]
[Date "2015.05.29"]
[Round "8"]
[White "Zienert, Richard"]
[Black "Rieß, Alexander"]
[Result "1/2-1/2"]
[Termination "normal"]
[Board "4"]
[WhiteElo "2085"]
[BlackElo "2150"]
[WhiteClock "00:54:27"]
[BlackClock "00:23:20"]
[PlyCount "75"]
[WhiteFideId "12945986"]
[BlackFideId "12953326"]
[EventCountry "GER"]
[EventRounds "9"]
[EventType "swiss"]
[EventDate "2015.05.23"]

1. e4 e6 2. d4 d5 3. Nd2 Nf6 4. e5 Nfd7 5. Bd3 c5 6. c3 Nc6 7. Ne2 cxd4 8. cxd4
f6 9. exf6 Nxf6 10. Nf3 Bd6 11. O-O Qc7 12. g3 O-O 13. Bf4 Ng4 14. Rc1 Bxf4 15.
Nxf4 Rxf4 16. gxf4 Qxf4 17. Be2 Nf6 18. Qd3 e5 19. Qe3 Qg4+ 20. Kh1 exd4 21.
Qg5 d3 22. Bd1 Qxg5 23. Nxg5 h6 24. Nf3 Bh3 25. Re1 Ne4 26. Bb3 Nxf2+ 27. Kg1
d2 28. Nxd2 Nd3 29. Rc3 Nxe1 30. Rxh3 Nd4 31. Bxd5+ Kh8 32. Re3 Rd8 33. Bxb7
Nec2 34. Re5 g5 35. Nf3 Rb8 36. Nxd4 Nxd4 37. Re7 Ne2+ 38. Rxe2 1/2-1/2

[Event "DEM U14 2015"]
[Site "Willingen GER"]
[Date "2015.05.29"]
[Round "8"]
[White "Roseneck, Jonas"]
[Black "Stein, Robert"]
[Result "0-1"]
[Termination "normal"]
[Board "6"]
[WhiteElo "1975"]
[BlackElo "2010"]
[WhiteClock "00:46:18"]
[BlackClock "00:25:10"]
[PlyCount "118"]
[WhiteFideId "12939870"]
[BlackFideId "12921084"]
[EventCountry "GER"]
[EventRounds "9"]
[EventType "swiss"]
[EventDate "2015.05.23"]

1. e4 e5 2. Nf3 Nc6 3. Bc4 Bc5 4. c3 Nf6 5. d4 exd4 6. e5 d5 7. Bb5 Ne4 8. cxd4
Bb6 9. h3 O-O 10. O-O Be6 11. Nc3 f5 12. Bxc6 bxc6 13. Na4 Kh8 14. b4 g5 15.
Nc5 Bxc5 16. dxc5 g4 17. Nd4 Qe8 18. Bf4 gxh3 19. gxh3 Rg8+ 20. Kh2 Rg6 21. Qf3
Ng5 22. Bxg5 Rxg5 23. Qf4 Rh5 24. Rg1 Qd7 25. Rg5 Rxg5 26. Qxg5 Rf8 27. Qh6 Re8
28. Rg1 Qf7 29. f4 a6 30. Nxc6 d4 31. Nxd4 Bxa2 32. Nxf5 Be6 33. Rg7 Qxf5 34.
Rg3 Qf7 35. Qg5 Rf8 36. h4 Qd7 37. Rg2 Qf7 38. Kg1 Rg8 39. Qxg8+ Qxg8 40. Rxg8+
Kxg8 41. Kf2 c6 42. Ke3 Bf5 43. e6 Bxe6 44. Ke4 Kf7 45. Ke5 Bd5 46. Kf5 h6 47.
Ke5 Kg6 48. f5+ Kf7 49. Kf4 Kf6 50. Kg4 Bf7 51. h5 Ba2 52. Kf4 Bb1 53. Kg4
Bxf5+ 54. Kf4 Be6 55. Ke4 Kg5 56. Ke5 Bc4 57. Ke4 Kxh5 58. Kf5 Bb5 59. Kf4 Kg6
0-1

[Event "DEM U14 2015"]
[Site "Willingen GER"]
[Date "2015.05.29"]
[Round "8"]
[White "Wong, Gengchun"]
[Black "Mätzkow, Maximilian Paul"]
[Result "0-1"]
[Termination "normal"]
[Board "7"]
[WhiteElo "2015"]
[BlackElo "2050"]
[WhiteClock "00:26:14"]
[BlackClock "00:45:02"]
[PlyCount "88"]
[WhiteFideId "12963283"]
[BlackFideId "24679933"]
[EventCountry "GER"]
[EventRounds "9"]
[EventType "swiss"]
[EventDate "2015.05.23"]

1. e4 c5 2. Nf3 d6 3. d4 cxd4 4. Nxd4 Nf6 5. Nc3 g6 6. Be3 Bg7 7. f3 a6 8. Qd2
h5 9. O-O-O Nbd7 10. Bg5 b5 11. Bd3 Bb7 12. Rhe1 Rc8 13. f4 Nh7 14. Nce2 Nxg5
15. fxg5 Ne5 16. Kb1 Qb6 17. Qe3 Qc5 18. Qg1 O-O 19. Nb3 Qc7 20. Rc1 Nc4 21. c3
Ne5 22. Bc2 b4 23. cxb4 Qc4 24. Qd4 Ng4 25. Qxc4 Rxc4 26. a3 Bxe4 27. Bxe4 Rxe4
28. h3 Ne3 29. Nd2 Re5 30. Nf3 Nxg2 31. Nxe5 Nxe1 32. Nc6 Nd3 33. Rd1 Nf2 34.
Rd5 Nxh3 35. Nxe7+ Kh7 36. Nc3 Nxg5 37. Rxd6 h4 38. Rxa6 Bxc3 39. bxc3 h3 40.
Rf6 h2 41. Rf1 Nf3 42. Rh1 Re8 43. b5 Rxe7 44. b6 Rb7 0-1

[Event "DEM U14 2015"]
[Site "Willingen GER"]
[Date "2015.05.29"]
[Round "8"]
[White "Holinka, Henning"]
[Black "Gungl, Theo"]
[Result "0-1"]
[Termination "normal"]
[Board "8"]
[WhiteElo "1872"]
[BlackElo "2085"]
[WhiteClock "00:35:50"]
[BlackClock "00:32:23"]
[PlyCount "120"]
[WhiteFideId "12967084"]
[BlackFideId "24695653"]
[EventCountry "GER"]
[EventRounds "9"]
[EventType "swiss"]
[EventDate "2015.05.23"]

1. e4 c5 2. f4 Nc6 3. Nf3 d6 4. Bb5 Bd7 5. b3 e6 6. Bb2 a6 7. Bxc6 Bxc6 8. d3
Nf6 9. Nbd2 Be7 10. c4 O-O 11. O-O Nd7 12. Qe2 Re8 13. g4 Nf8 14. g5 Ng6 15.
Qe3 d5 16. cxd5 exd5 17. Ne1 dxe4 18. dxe4 Bf8 19. Ng2 Qe7 20. Rae1 Rad8 21.
Rf3 Qd7 22. Re2 Bb5 23. Nc4 Bxc4 24. bxc4 b5 25. cxb5 axb5 26. h4 c4 27. h5 Ne7
28. f5 Nc6 29. e5 Nd4 30. Bxd4 Qxd4 31. Qxd4 Rxd4 32. Nf4 Bc5 33. Kg2 Bb6 34.
f6 Bc7 35. fxg7 Rxe5 36. h6 Rxf4 37. Rxe5 Bxe5 38. Ra3 Bxg7 39. hxg7 Kxg7 40.
Kg3 Rf5 41. Kg4 Rc5 42. Rc3 Kg6 43. Kf4 b4 44. Rc2 c3 45. Ke4 Rxg5 46. Kd3 Rg4
47. Rf2 f5 48. a3 bxa3 49. Kxc3 Rg3+ 50. Kd4 Kg5 51. Ke5 Re3+ 52. Kd4 Re4+ 53.
Kd5 h5 54. Rg2+ Rg4 55. Rf2 h4 56. Ke5 Re4+ 57. Kd5 h3 58. Rh2 Kg4 59. Ra2 Re3
60. Kd4 f4 0-1

[Event "DEM U14 2015"]
[Site "Willingen GER"]
[Date "2015.05.29"]
[Round "8"]
[White "Muckle, Julius"]
[Black "Wierzbicki, Jirawat"]
[Result "1-0"]
[Termination "normal"]
[Board "9"]
[WhiteElo "2129"]
[BlackElo "1972"]
[WhiteClock "00:07:34"]
[BlackClock "00:01:56"]
[PlyCount "81"]
[WhiteFideId "12942430"]
[BlackFideId "1153579"]
[EventCountry "GER"]
[EventRounds "9"]
[EventType "swiss"]
[EventDate "2015.05.23"]

1. d4 d5 2. c4 dxc4 3. Nf3 Nf6 4. e3 Bg4 5. Bxc4 e6 6. h3 Bh5 7. Nc3 Nc6 8. O-O
Bd6 9. Be2 O-O 10. Nd2 Bg6 11. Bf3 Qd7 12. Nb3 Rad8 13. e4 Bb4 14. e5 Nd5 15.
Nxd5 exd5 16. Bg5 Be7 17. Bg4 Qe8 18. Bxe7 Qxe7 19. f4 Be4 20. Bf3 f5 21. Qd2
Qf7 22. Rac1 Qg6 23. Na5 Nxa5 24. Qxa5 Qb6 25. Qxb6 cxb6 26. Rc7 Rf7 27. Rfc1
Bxf3 28. Rxf7 Kxf7 29. Rc7+ Ke6 30. gxf3 Rd7 31. Rc8 Kf7 32. a4 a6 33. Kf2 h6
34. Ke3 Ke6 35. Kd3 Kf7 36. Kc3 g5 37. fxg5 hxg5 38. Kb4 Kg6 39. Rg8+ Kh5 40.
a5 bxa5+ 41. Kc5 1-0

[Event "DEM U14 2015"]
[Site "Willingen GER"]
[Date "2015.05.29"]
[Round "8"]
[White "Weller, Uli"]
[Black "Renger, Niklas"]
[Result "1-0"]
[Termination "normal"]
[Board "10"]
[WhiteElo "1786"]
[BlackElo "1942"]
[WhiteClock "00:25:33"]
[BlackClock "00:01:44"]
[PlyCount "83"]
[WhiteFideId "12971782"]
[BlackFideId "12908096"]
[EventCountry "GER"]
[EventRounds "9"]
[EventType "swiss"]
[EventDate "2015.05.23"]

1. e4 e6 2. d4 c5 3. d5 exd5 4. exd5 d6 5. c4 g6 6. Nc3 Bg7 7. Qc2 h6 8. Bd3
Ne7 9. Nge2 Bf5 10. Ng3 Bxd3 11. Qxd3 Nd7 12. f4 O-O 13. O-O Nf6 14. Bd2 Qd7
15. Rae1 Rae8 16. f5 Kh7 17. Nce4 Nxe4 18. Rxe4 Ng8 19. Rg4 Kh8 20. Bc3 Bxc3
21. Qxc3+ Re5 22. Re4 Rfe8 23. fxg6 fxg6 24. Rfe1 Qg7 25. Rxe5 dxe5 26. Ne4 b6
27. Nd6 Re7 28. Rxe5 Kh7 29. Re6 Rxe6 30. dxe6 Qxc3 31. bxc3 Ne7 32. Nb5 Kg7
33. Nxa7 Kf6 34. Kf2 Kxe6 35. Ke3 Kd6 36. Ke4 Nc6 37. Nxc6 Kxc6 38. Ke5 g5 39.
g4 Kb7 40. Kf5 Kc6 41. Kg6 b5 42. Kxh6 1-0

[Event "DEM U14 2015"]
[Site "Willingen GER"]
[Date "2015.05.29"]
[Round "8"]
[White "Reuker, Jari"]
[Black "Browning, Alex"]
[Result "1-0"]
[Termination "normal"]
[Board "11"]
[WhiteElo "2057"]
[BlackElo "1864"]
[PlyCount "55"]
[WhiteFideId "12909300"]
[BlackFideId "12984019"]
[EventCountry "GER"]
[EventRounds "9"]
[EventType "swiss"]
[EventDate "2015.05.23"]

1. e4 c5 2. Nf3 d6 3. d4 cxd4 4. Nxd4 Nf6 5. Nc3 a6 6. Bg5 e6 7. f4 Be7 8. Qf3
Qc7 9. O-O-O Nbd7 10. g4 b5 11. Bxf6 Nxf6 12. g5 Nd7 13. f5 O-O 14. Rg1 b4 15.
Nce2 e5 16. f6 exd4 17. Nxd4 Bd8 18. fxg7 Re8 19. g6 Nf6 20. gxh7+ Nxh7 21. Bh3
Re5 22. Bf5 Bxf5 23. Nxf5 Rxf5 24. Qxf5 Bf6 25. Rd3 Rc8 26. Qxh7+ Kxh7 27. Rh3+
Kg8 28. Rh8# 1-0

[Event "DEM U14 2015"]
[Site "Willingen GER"]
[Date "2015.05.29"]
[Round "8"]
[White "Baltic, Fatih"]
[Black "Vuckovic, Zarko"]
[Result "1/2-1/2"]
[Termination "normal"]
[Board "12"]
[WhiteElo "1887"]
[BlackElo "1790"]
[PlyCount "66"]
[WhiteFideId "12979090"]
[BlackFideId "12952087"]
[EventCountry "GER"]
[EventRounds "9"]
[EventType "swiss"]
[EventDate "2015.05.23"]

1. e4 c5 2. Nf3 Nc6 3. d4 cxd4 4. Nxd4 Nf6 5. Nc3 e6 6. Ndb5 Bb4 7. a3 Bxc3+ 8.
Nxc3 d5 9. exd5 Nxd5 10. Nxd5 exd5 11. Be2 Bf5 12. O-O O-O 13. Bf3 Be4 14. Be2
Qf6 15. Bd3 Rfe8 16. Kh1 Rac8 17. Be3 d4 18. Bc1 Qf5 19. Bxe4 Rxe4 20. Bd2 Rce8
21. f3 Re2 22. Re1 d3 23. cxd3 Qxd3 24. Rxe2 Rxe2 25. Bc3 Qxd1+ 26. Rxd1 f6 27.
Kg1 Kf7 28. Kf1 Re7 29. Kf2 Ke6 30. Rd2 Rd7 31. Re2+ Kd6 32. Rc2 Kc7 33. Ba5+
b6 1/2-1/2

[Event "DEM U14 2015"]
[Site "Willingen GER"]
[Date "2015.05.29"]
[Round "8"]
[White "Schirra, Maurice"]
[Black "Rockmann, Jan-Okke"]
[Result "0-1"]
[Termination "normal"]
[Board "13"]
[WhiteElo "1791"]
[BlackElo "1833"]
[PlyCount "70"]
[WhiteFideId "12941115"]
[BlackFideId "12942111"]
[EventCountry "GER"]
[EventRounds "9"]
[EventType "swiss"]
[EventDate "2015.05.23"]

1. e4 e5 2. Nf3 Nc6 3. d4 exd4 4. Nxd4 Bb4+ 5. Nc3 d6 6. Nxc6 Bxc3+ 7. bxc3
bxc6 8. Bd3 Ne7 9. O-O O-O 10. f4 f5 11. c4 fxe4 12. Bxe4 Bf5 13. Bf3 Rb8 14.
Rf2 Rb4 15. Bxc6 Nxc6 16. Qd5+ Kh8 17. Qxc6 Qf6 18. Bb2 Qxb2 19. Re1 Qxa2 20.
Rfe2 h6 21. Qxc7 Qxc4 22. Qxa7 Qd4+ 23. Qxd4 Rxd4 24. g3 Rc8 25. Re8+ Rxe8 26.
Rxe8+ Kh7 27. Re2 Rc4 28. Rd2 Rc6 29. c3 Be4 30. c4 Bf5 31. Kf2 Be6 32. Ke3
Bxc4 33. Rb2 d5 34. Rb7 Re6+ 35. Kd4 Re2 0-1

[Event "DEM U14 2015"]
[Site "Willingen GER"]
[Date "2015.05.29"]
[Round "8"]
[White "Weber, Samuel"]
[Black "Wiesner, Alexander"]
[Result "0-1"]
[Termination "normal"]
[Board "14"]
[WhiteElo "1954"]
[BlackElo "1854"]
[PlyCount "68"]
[WhiteFideId "12924008"]
[BlackFideId "12943991"]
[EventCountry "GER"]
[EventRounds "9"]
[EventType "swiss"]
[EventDate "2015.05.23"]

1. e4 c5 2. d4 cxd4 3. c3 d5 4. exd5 Qxd5 5. cxd4 Nc6 6. Nf3 e5 7. Nxe5 Bb4+ 8.
Nc3 Nxe5 9. dxe5 Qxe5+ 10. Be2 Bxc3+ 11. bxc3 Bg4 12. f3 Be6 13. O-O Qc5+ 14.
Kh1 Ne7 15. Rb1 O-O 16. Rb5 Qxc3 17. Bb2 Qe3 18. Bd4 Qf4 19. g3 Qc7 20. Qb1 b6
21. Bd3 Ng6 22. Qb2 f6 23. Rc1 Qd7 24. Be4 Rac8 25. Re1 Rfd8 26. Be3 Ne5 27.
Qb1 Nd3 28. Re2 f5 29. Bg5 fxe4 30. fxe4 Rf8 31. Rd2 Nf2+ 32. Kg1 Qxb5 33. Qxb5
Rc1+ 34. Qf1 Nh3+ 0-1

[Event "DEM U14 2015"]
[Site "Willingen GER"]
[Date "2015.05.29"]
[Round "8"]
[White "Wendler, David"]
[Black "Piskaykin, Bogdan"]
[Result "1/2-1/2"]
[Termination "normal"]
[Board "15"]
[WhiteElo "1807"]
[BlackElo "1771"]
[PlyCount "118"]
[WhiteFideId "12938360"]
[BlackFideId "12941212"]
[EventCountry "GER"]
[EventRounds "9"]
[EventType "swiss"]
[EventDate "2015.05.23"]

1. e4 c5 2. c3 d5 3. exd5 Qxd5 4. d4 Nf6 5. Nf3 e6 6. Be3 cxd4 7. cxd4 Nc6 8.
a3 Be7 9. Nc3 Qd6 10. Bd3 O-O 11. O-O b6 12. Qe2 Bb7 13. Rad1 Rad8 14. Bg5 g6
15. Bc4 Na5 16. Ba2 h6 17. Bh4 Nd5 18. Ne4 Nf4 19. Qe3 Bxe4 20. Bxe7 Qxe7 21.
Qxf4 Bd5 22. Bxd5 g5 23. Qe4 Rxd5 24. Rfe1 Qf6 25. Ne5 Kg7 26. b4 Nb7 27. Ng4
Qf4 28. Qxf4 gxf4 29. Ne5 Nd6 30. Nc6 Nc4 31. a4 b5 32. Ra1 a6 33. axb5 axb5
34. Ra7 Re8 35. Rea1 h5 36. Rc7 Nd6 37. g3 f3 38. Ra3 Rf5 39. Ne5 Rd8 40. Rxf3
Rxf3 41. Nxf3 Ra8 42. Rd7 Ra1+ 43. Kg2 Ra6 44. Ng5 Kf8 45. h4 Ke8 46. Rc7 Kd8
47. Rc5 Ra4 48. Nf3 Rxb4 49. Rxh5 Rc4 50. Ne5 Rc2 51. Kf3 b4 52. Ke3 Nf5+ 53.
Kd3 Rxf2 54. Kc4 Nxg3 55. Rh8+ Ke7 56. Kxb4 Rf5 57. Kc4 Rh5 58. Rxh5 Nxh5 59.
d5 exd5+ 1/2-1/2

[Event "DEM U14 2015"]
[Site "Willingen GER"]
[Date "2015.05.29"]
[Round "8"]
[White "Degenhard, Simon"]
[Black "Schäfer, Nicolas"]
[Result "1-0"]
[Termination "normal"]
[Board "16"]
[WhiteElo "1851"]
[BlackElo "1595"]
[PlyCount "120"]
[WhiteFideId "12944017"]
[BlackFideId "12988901"]
[EventCountry "GER"]
[EventRounds "9"]
[EventType "swiss"]
[EventDate "2015.05.23"]

1. e4 c5 2. Nf3 Nc6 3. d4 cxd4 4. Nxd4 Nf6 5. Nc3 g6 6. Be3 d6 7. f3 Bg7 8. Qd2
O-O 9. Bc4 Bd7 10. O-O-O Rc8 11. Bb3 Nxd4 12. Bxd4 b5 13. Kb1 a5 14. a4 b4 15.
Nd5 Nxd5 16. Bxg7 Kxg7 17. exd5 Qe8 18. Rhe1 Rc7 19. Qd4+ Kg8 20. Qh4 Bxa4 21.
Bc4 Bb5 22. Bxb5 Qxb5 23. Rxe7 Qc5 24. Rxc7 Qxc7 25. Qe4 Rc8 26. Re1 Qc5 27.
Re3 a4 28. Qd3 b3 29. Qc3 a3 30. cxb3 a2+ 31. Ka1 Rd8 32. Qxc5 dxc5 33. Rd3 Kf8
34. d6 Rd7 35. Kxa2 Ke8 36. Kb1 Kd8 37. Kc2 Kc8 38. Kc3 Kb7 39. Kc4 Kc6 40. Rd5
Rxd6 41. Rxd6+ Kxd6 42. b4 cxb4 43. Kxb4 g5 44. Kc4 f5 45. Kd4 h5 46. h3 g4 47.
hxg4 fxg4 48. fxg4 hxg4 49. Ke4 Kc5 50. Kf4 g3 51. Kxg3 Kb4 52. Kf4 Kb3 53. g4
Kxb2 54. g5 Kc3 55. g6 Kd4 56. g7 Kd5 57. g8=Q+ Kd4 58. Qd8+ Kc3 59. Qd5 Kc2
60. Qd4 Kc1 1-0

[Event "DEM U14 2015"]
[Site "Willingen GER"]
[Date "2015.05.29"]
[Round "8"]
[White "Silber, Kevin"]
[Black "Pommerenke, Kayonzo"]
[Result "1-0"]
[Termination "normal"]
[Board "18"]
[WhiteElo "1841"]
[BlackElo "1601"]
[PlyCount "75"]
[WhiteFideId "12930440"]
[BlackFideId "12968129"]
[EventCountry "GER"]
[EventRounds "9"]
[EventType "swiss"]
[EventDate "2015.05.23"]

1. e4 e5 2. Nf3 Nf6 3. Bc4 Be7 4. Nxe5 O-O 5. Nc3 d6 6. Nf3 Nxe4 7. Nxe4 d5 8.
Bd3 dxe4 9. Bxe4 Nc6 10. h3 Be6 11. O-O Bf6 12. c3 Re8 13. Re1 Bd5 14. Bxd5
Qxd5 15. d4 Ne7 16. Bf4 c5 17. dxc5 Qxc5 18. Qb3 b6 19. Ne5 Qd5 20. Ng4 Qxb3
21. Nxf6+ gxf6 22. axb3 Kg7 23. Kf1 Nd5 24. Bg3 a5 25. Rxe8 Rxe8 26. Rd1 Ne7
27. Re1 f5 28. Bc7 b5 29. Bxa5 Kf6 30. Bb4 h6 31. c4 bxc4 32. Bxe7+ Rxe7 33.
Rxe7 Kxe7 34. bxc4 Kd6 35. b4 f4 36. c5+ Kc6 37. Ke2 f5 38. Kf3 1-0

[Event "DEM U14 2015"]
[Site "Willingen GER"]
[Date "2015.05.29"]
[Round "8"]
[White "Ortmeier, Leonard"]
[Black "Schumacher, Ole"]
[Result "1/2-1/2"]
[Termination "normal"]
[Board "20"]
[WhiteElo "1737"]
[BlackElo "1414"]
[PlyCount "41"]
[WhiteFideId "12993662"]
[BlackFideId "12971898"]
[EventCountry "GER"]
[EventRounds "9"]
[EventType "swiss"]
[EventDate "2015.05.23"]

1. e4 c5 2. Nf3 d6 3. c3 Nf6 4. Be2 e6 5. O-O Be7 6. Re1 O-O 7. Bf1 Qc7 8. d4
cxd4 9. cxd4 e5 10. Nc3 a6 11. Bg5 Bg4 12. Bxf6 Bxf6 13. Nd5 Qd8 14. dxe5 dxe5
15. Qb3 Bxf3 16. Qxf3 Nc6 17. Rac1 Rc8 18. Qd3 Qa5 19. Qc2 h6 20. a3 Qd8 21.
Qb3 1/2-1/2

[Event "DEM U14 2015"]
[Site "Willingen GER"]
[Date "2015.05.29"]
[Round "8"]
[White "Wolf, Philipp"]
[Black "Oganessjan, Artur"]
[Result "0-1"]
[Termination "normal"]
[Board "21"]
[WhiteElo "1573"]
[BlackElo "1857"]
[PlyCount "52"]
[WhiteFideId "12958948"]
[BlackFideId "12986062"]
[EventCountry "GER"]
[EventRounds "9"]
[EventType "swiss"]
[EventDate "2015.05.23"]

1. d4 d5 2. Nc3 Nf6 3. Bf4 c6 4. Qd2 Bf5 5. f3 h5 6. O-O-O Nbd7 7. Re1 Nb6 8.
e4 Bg6 9. exd5 Nbxd5 10. Bc4 e6 11. Nxd5 Nxd5 12. Ne2 Be7 13. Nc3 Bb4 14. Bxd5
cxd5 15. a3 Ba5 16. Qe3 O-O 17. h4 Rc8 18. b4 Bc7 19. Bxc7 Qxc7 20. Kb2 a5 21.
g4 axb4 22. axb4 Qc4 23. gxh5 Qxb4+ 24. Ka1 Rxc3 25. Qxc3 Ra8+ 26. Qa3 Rxa3#
0-1

[Event "DEM U14 2015"]
[Site "Willingen GER"]
[Date "2015.05.29"]
[Round "8"]
[White "Hoffmann, Lennard"]
[Black "Acikel, Mert"]
[Result "1/2-1/2"]
[Termination "normal"]
[Board "22"]
[WhiteElo "1815"]
[BlackElo "1887"]
[PlyCount "82"]
[WhiteFideId "12943495"]
[BlackFideId "12956465"]
[EventCountry "GER"]
[EventRounds "9"]
[EventType "swiss"]
[EventDate "2015.05.23"]

1. e4 e5 2. Nf3 Nc6 3. Bc4 Bc5 4. c3 Nf6 5. d3 a6 6. Bb3 d6 7. h3 h6 8. Qe2 Ba7
9. g4 Be6 10. Bc2 g5 11. Be3 Bxe3 12. fxe3 d5 13. Qh2 dxe4 14. dxe4 Qd6 15.
Nbd2 O-O-O 16. Ba4 Qd3 17. O-O-O Qxe3 18. Bxc6 bxc6 19. Nxe5 Nxe4 20. Nxc6 Nxc3
21. Ne7+ Kd7 22. bxc3 Qxc3+ 23. Kb1 Rb8+ 24. Nb3+ Kxe7 25. Rc1 Qd3+ 26. Ka1 Rb7
27. Rxc7+ Rxc7 28. Qxc7+ Qd7 29. Qc5+ Ke8 30. Re1 Qe7 31. Qc6+ Kf8 32. Nd4 Qf6
33. Qd6+ Kg7 34. Kb1 Rd8 35. Nxe6+ fxe6 36. Qc7+ Kg6 37. Rxe6 Rd1+ 38. Kc2 Qxe6
39. Kxd1 Qxa2 40. Qd6+ Kg7 41. Qe5+ Kf7 1/2-1/2